লোডিং...

The All India Reporter, Journal, Acts, Notes of cases Section, 1988

গ্রন্থ-পঞ্জীর বিবরন
প্রকাশিত: Nagpur All India Reporter
LEADER 00223nam a22000857a 4500
003 OSt
245 |a The All India Reporter, Journal, Acts, Notes of cases Section, 1988 
260 |a Nagpur  |b All India Reporter 
942 |c BJ  |6 _ 
999 |c 138670  |d 138670